000 00611nam a22002297a 4500
003 UA-OsUOA
001 100034
007 ta
008 20130521b un ||||| |||| 00| 0 ukr d
100 _aУланд Л.
090 _a821.182.2
_bУ47
942 _cBK
040 _aUA-OsUOA
_brus
_cUA-OsUOA
_dUA-OsUOA
245 _aСтихотворения
300 _a223 с.
955 _a3
041 _arus
080 _a821.182.2
260 _aМ.
_bХудожественная литература
_c1988
650 7 _a82 Література. Літературознавство
_2UDC
999 _c386280
_d386280